[Event "Milan Crespi op-B 31th"]
[Site "Milan"]
[Date "2010.12.05"]
[Round "3"]
[White "Aliberti, Emilio"]
[Black "Pierandrei, Cristiano"]
[Result "0-1"]
[WhiteElo "1900"]
[BlackElo "1941"]
[PlyCount "98"]
[EventDate "2010.12.04"]
[EventType "swiss"]
[EventRounds "7"]
[EventCountry "ITA"]
[SourceTitle "EXT 2024"]
[Source "ChessBase"]
[SourceDate "2023.10.10"]
[SourceVersion "1"]
[SourceVersionDate "2023.10.10"]
[SourceQuality "1"]

1. d4 d5 2. c4 c6 3. Nf3 Nf6 4. e3 e6 5. b3 Bb4+ 6. Bd2 Be7 7. Nc3 Nbd7 8. Bd3 0-0 9. 0-0 Re8 10. Qc2 g6 11. e4 dxe4 12. Nxe4 Bf8 13. Bg5 Bg7 14. Rad1 Qc7 15. Nxf6+ Nxf6 16. Rfe1 Nd7 17. Bh4 b6 18. Bg3 e5 19. Nxe5 Nxe5 20. f4 Nf3+ 21. gxf3 Rxe1+ 22. Rxe1 Bxd4+ 23. Kg2 f5 24. c5 b5 25. Bc4+ Kf8 26. Be6 Bxe6 27. Rxe6 Kf7 28. Rd6 Rd8 29. Qd3 Rxd6 30. cxd6 Qxd6 31. Bf2 Be5 32. Qxd6 Bxd6 33. Bxa7 Bxf4 34. a4 bxa4 35. bxa4 Ke6 36. a5 Kd7 37. Bb6 Bc7 38. Bxc7 Kxc7 39. Kf2 Kb7 40. Ke3 Ka6 41. Kd4 Kxa5 42. Kc5 Ka4 43. Kxc6 Kb4 44. Kd5 Kc3 45. Ke5 Kd3 46. Kf4 Ke2 47. h4 h5 48. Kg3 Ke3 49. Kg2 f4 0-1

[Event "Crema op 12th"]
[Site "Crema "]
[Date "2010.09.05"]
[Round "1"]
[White "Aliberti, Emilio"]
[Black "Raimondi, Giorgio"]
[Result "1/2-1/2"]
[WhiteElo "1877"]
[BlackElo "1503"]
[PlyCount "96"]
[EventDate "2010.09.05"]
[EventType "swiss"]
[EventRounds "6"]
[EventCountry "ITA"]
[SourceTitle "EXT 2012"]
[Source "ChessBase"]
[SourceDate "2011.11.24"]
[SourceVersion "1"]
[SourceVersionDate "2011.11.24"]
[SourceQuality "1"]

1. d4 Nf6 2. c4 e6 3. g3 c5 4. d5 exd5 5. cxd5 d6 6. Bg2 g6 7. Nf3 Bg7 8. 0-0 0-0 9. Nc3 Nbd7 10. h3 Nb6 11. e4 Nfd7 12. Bf4 Qe7 13. Re1 Nc4 14. Qe2 Nce5 15. Nxe5 Nxe5 16. Rad1 f6 17. Be3 a6 18. f4 Nf7 19. a4 Re8 20. Kh2 Bd7 21. Qd3 Qd8 22. b3 Rb8 23. Bf2 b5 24. axb5 axb5 25. g4 Qb6 26. b4 c4 27. Bxb6 cxd3 28. Bd4 Ra8 29. Rxd3 Ra3 30. Rdd1 Rc8 31. Rc1 Rc4 32. Nb1 Rb3 33. Rxc4 bxc4 34. Bc3 g5 35. Bf3 gxf4 36. Rc1 Bb5 37. Bd1 f5 38. Bxb3 cxb3 39. exf5 Ne5 40. Nd2 Nd3 41. f6 Bxf6 42. Bxf6 Nxc1 43. Be7 b2 44. Bxd6 Bc4 45. Bxf4 Bxd5 46. b5 Nb3 47. Nb1 Be4 48. b6 Nc5 1/2-1/2